Co je interní audit jakosti

Charakteristika auditu. Aplikácia a skúsenosti s auditom v podniku Královopolská, a.s. Rozvíjanie auditných metód nevyhnutných pre riadenie akosti.

Na minha lista:
Detalhes bibliográficos
Autor principal: Vaněk, J.
Formato: Capítulo de Livro
Idioma:tcheco
Assuntos:
Tags: Adicionar Tag
Sem tags, seja o primeiro a adicionar uma tag!

MARC

LEADER 00000naa a2200000 4500
001 r016632
005 20221205090646.3
041 0 |a cze 
044 |a CZ 
245 1 0 |a Co je interní audit jakosti  |c J. Vaněk 
520 |a Charakteristika auditu. Aplikácia a skúsenosti s auditom v podniku Královopolská, a.s. Rozvíjanie auditných metód nevyhnutných pre riadenie akosti. 
610 2 0 |a riadenie kvality 
610 2 0 |a audítorstvo 
610 2 0 |a pojmy 
610 2 0 |a podnik 
100 1 |a Vaněk, J.